00674nam a2200205Ia 4500008004100000020002200041041000800063082001600071100002400087245003900111260005300150300000900203440000600212500001400218650002400232700002400256906000700280999001700287952016400304230125s9999 xx 000 0 und d a978-81-291-1679-6 aeng a004.69bSTR aStrange C A9117864 aStart And Run An Internet Business c2010bRupa Publications India Pvt LtdaNew Delhi a230p v1 aInternet; aComputer Management aStrange C A9117864 b27 c95717d95717 00104070aHIMRbHIMRd2019-03-10ePritam Book Centreg295.00i10808l0o004.69 STR B18723pHIMR-BK-18723r2023-01-25 00:00:00v268.00w2019-03-11yBKzB18723